[Event "DEM U10/U10w 2013"]
[Site "Oberhof GER"]
[Date "2013.05.24"]
[Round "9"]
[White "Hommer, Jeremy"]
[Black "Richardt, Josia"]
[Result "0-1"]
[Termination "normal"]
[Board "27"]
[WhiteElo "994"]
[BlackElo "1205"]
[PlyCount "74"]
[WhiteFideId "12992577"]
[BlackFideId "16217594"]
[EventCountry "GER"]
[EventRounds "11"]
[EventType "swiss"]
[EventDate "2013.05.18"]

1. c4 e5 2. Nc3 Nf6 3. e3 Nc6 4. Nge2 Bb4 5. g3 d6 6. Bg2 Be6 7. b3 Qd7 8. Bb2
O-O 9. O-O Bh3 10. d4 Bxg2 11. Kxg2 exd4 12. exd4 Rfe8 13. Qc2 Re7 14. Nf4 Nxd4
15. Qd3 Nc6 16. Ncd5 Nxd5 17. cxd5 Ne5 18. Qd4 Bc5 19. Qc3 f6 20. Rac1 Rae8 21.
Qd2 Qf5 22. b4 Qe4+ 23. Kg1 Nf3+ 24. Kg2 Nxd2+ 25. Kg1 Nxf1 26. Nh5 Bd4 27. Rc4
Bxf2+ 28. Kxf2 Qxc4 29. Kg2 Qc2+ 30. Kh3 Qxb2 31. Nf4 Qe5 32. Ne6 Rxe6 33. dxe6
Qxe6+ 34. Kg2 Qg4 35. Kxf1 Re2 36. h3 Qf3+ 37. Kg1 Qg2# 0-1

[Event "DEM U10/U10w 2013"]
[Site "Oberhof GER"]
[Date "2013.05.24"]
[Round "9"]
[White "Eulitz, Charlotte"]
[Black "Hüls, Maximilian"]
[Result "0-1"]
[Termination "normal"]
[Board "28"]
[WhiteElo "1009"]
[BlackElo "1617"]
[PlyCount "128"]
[WhiteFideId "12964654"]
[BlackFideId "12949698"]
[EventCountry "GER"]
[EventRounds "11"]
[EventType "swiss"]
[EventDate "2013.05.18"]

1. e4 c5 2. Nf3 Nc6 3. d4 cxd4 4. Nxd4 Nf6 5. Nc3 e5 6. Ndb5 d6 7. Bg5 a6 8.
Na3 b5 9. Nd5 Qa5+ 10. c3 Nxe4 11. Be3 Rb8 12. b4 Qd8 13. Bd3 Nf6 14. Nxf6+
Qxf6 15. O-O Be7 16. Be4 Bd7 17. Qf3 Qxf3 18. Bxf3 O-O 19. Rad1 Rfd8 20. Rd2 f5
21. Bxc6 Bxc6 22. Rfd1 f4 23. Ba7 Rb7 24. Bc5 d5 25. Bxe7 Rxe7 26. Re2 Kf7 27.
Nc2 g5 28. f3 h5 29. Na3 Kf6 30. c4 bxc4 31. Nxc4 Bb5 32. Rc2 Ba4 33. Rcd2 Bxd1
34. Rxd1 Red7 35. Na3 g4 36. b5 axb5 37. Nxb5 gxf3 38. gxf3 e4 39. fxe4 dxe4
40. Re1 Rd1 41. Rxd1 Rxd1+ 42. Kf2 Rd2+ 43. Ke1 Rxa2 44. Nc3 Ra1+ 45. Ke2 Rc1
46. Nxe4+ Ke5 47. Nf2 Rc2+ 48. Kf3 Rxf2+ 49. Kxf2 Ke4 50. Ke2 f3+ 51. Kf2 Kf4
52. Kf1 h4 53. Kf2 Ke4 54. Kf1 Ke3 55. Ke1 f2+ 56. Kf1 Kf3 57. h3 Ke3 58. Kg2
Ke2 59. Kh2 f1=R 60. Kg2 Rf2+ 61. Kh1 Kf3 62. Kg1 Kg3 63. Kh1 Re2 64. Kg1 Re1#
0-1

[Event "DEM U10/U10w 2013"]
[Site "Oberhof GER"]
[Date "2013.05.24"]
[Round "9"]
[White "Brückner, Alexander"]
[Black "Brunner, Sophia"]
[Result "1-0"]
[Termination "normal"]
[Board "29"]
[WhiteElo "1334"]
[BlackElo "1054"]
[PlyCount "121"]
[WhiteFideId "12952613"]
[BlackFideId "12960683"]
[EventCountry "GER"]
[EventRounds "11"]
[EventType "swiss"]
[EventDate "2013.05.18"]

1. e4 d5 2. exd5 Qxd5 3. Nc3 Qa5 4. d4 Nf6 5. Bc4 c6 6. h3 Bf5 7. Bd2 Qc7 8.
Rc1 e6 9. Qf3 Bd6 10. Nge2 O-O 11. O-O Nbd7 12. Rfe1 Nb6 13. Bb3 Rac8 14. Bf4
Bxf4 15. Nxf4 Rfd8 16. Nce2 Nbd5 17. Nxd5 cxd5 18. c3 Be4 19. Qg3 Qxg3 20. Nxg3
Bg6 21. Bc2 Bxc2 22. Rxc2 Rc7 23. Rce2 Rd6 24. f4 h6 25. Kf2 Kf8 26. Kf3 g6 27.
a3 Ke8 28. f5 Re7 29. fxg6 fxg6 30. Ke3 Kd7 31. Kd3 Kc6 32. a4 a5 33. b3 b6 34.
c4 dxc4+ 35. bxc4 Kd7 36. Kc3 h5 37. Ne4 Nxe4+ 38. Rxe4 Rf7 39. c5 bxc5 40.
dxc5 Rc6 41. Kc4 g5 42. Kb5 Rf2 43. R1e2 Rxe2 44. Rxe2 Rc8 45. Rd2+ Ke7 46. c6
Rf8 47. Kxa5 Rf5+ 48. Kb6 Rf4 49. c7 Rc4 50. a5 e5 51. a6 Rxc7 52. Kxc7 e4 53.
a7 e3 54. Re2 g4 55. a8=Q gxh3 56. gxh3 h4 57. Qa6 Kf7 58. Rxe3 Kg7 59. Re7+
Kf8 60. Rd7 Kg8 61. Qc8# 1-0

[Event "DEM U10/U10w 2013"]
[Site "Oberhof GER"]
[Date "2013.05.24"]
[Round "9"]
[White "Koll, Linus"]
[Black "Ruppert, Paula"]
[Result "0-1"]
[Termination "normal"]
[Board "30"]
[WhiteElo "1208"]
[BlackElo "989"]
[PlyCount "62"]
[WhiteFideId "12990299"]
[BlackFideId "12979996"]
[EventCountry "GER"]
[EventRounds "11"]
[EventType "swiss"]
[EventDate "2013.05.18"]

1. e4 d5 2. exd5 Qxd5 3. Nc3 Qa5 4. d4 Nf6 5. Nf3 Bg4 6. h3 Bh5 7. g4 Bg6 8.
Ne5 Nbd7 9. Nxd7 Nxd7 10. Bg2 c6 11. Bf4 e6 12. a3 Be7 13. b4 Qb6 14. Ne2 O-O
15. O-O Rad8 16. c3 Bf6 17. g5 Be7 18. Ng3 Qb5 19. h4 e5 20. dxe5 Nxe5 21. Qb3
Nd3 22. Be3 h5 23. gxh6 Bxh4 24. hxg7 Kxg7 25. a4 Qa6 26. b5 cxb5 27. axb5 Qd6
28. Bd4+ Bf6 29. Bxf6+ Qxf6 30. c4 Rh8 31. Rfd1 Qxf2# 0-1

[Event "DEM U10/U10w 2013"]
[Site "Oberhof GER"]
[Date "2013.05.24"]
[Round "9"]
[White "Bünte, Kirsten"]
[Black "Astner, Sebastian"]
[Result "1-0"]
[Termination "normal"]
[Board "31"]
[WhiteElo "1182"]
[BlackElo "886"]
[PlyCount "71"]
[WhiteFideId "16200535"]
[BlackFideId "12979422"]
[EventCountry "GER"]
[EventRounds "11"]
[EventType "swiss"]
[EventDate "2013.05.18"]

1. e4 c5 2. c3 d5 3. exd5 Qxd5 4. d4 e6 5. Nf3 Nc6 6. Be3 c4 7. Be2 Nge7 8.
Nbd2 b5 9. O-O Bb7 10. a4 a6 11. Qc2 g6 12. Ne4 Bg7 13. Nc5 Na5 14. Nxb7 Qxb7
15. Rfd1 Nb3 16. Ra3 O-O 17. Bf4 Nd5 18. Bg3 Rfc8 19. Ne5 f6 20. Nf3 Bf8 21.
Ra2 Qc6 22. axb5 axb5 23. Rxa8 Rxa8 24. h3 Ra2 25. Re1 Ba3 26. Rb1 Nb6 27. Nh4
g5 28. Nf3 Na4 29. h4 h6 30. hxg5 hxg5 31. Qg6+ Kf8 32. Qxf6+ Ke8 33. Ne5 Qb7
34. Bh5+ Qf7 35. Bxf7+ Kf8 36. Nd7# 1-0

[Event "DEM U10/U10w 2013"]
[Site "Oberhof GER"]
[Date "2013.05.24"]
[Round "9"]
[White "Schnabel, Luise"]
[Black "Pahl, Erik"]
[Result "1-0"]
[Termination "normal"]
[Board "32"]
[WhiteElo "1417"]
[BlackElo "880"]
[PlyCount "147"]
[WhiteFideId "12943347"]
[BlackFideId "16201272"]
[EventCountry "GER"]
[EventRounds "11"]
[EventType "swiss"]
[EventDate "2013.05.18"]

1. e4 e5 2. Nf3 Nc6 3. Bc4 Nf6 4. d4 exd4 5. O-O Bc5 6. e5 d5 7. exf6 dxc4 8.
Re1+ Be6 9. Ng5 Qd5 10. Nc3 Qf5 11. Nce4 O-O-O 12. Nxc5 Qxc5 13. Nxe6 fxe6 14.
fxg7 Rhg8 15. Bh6 e5 16. Qg4+ Kb8 17. Qf5 a6 18. Qxh7 Qb4 19. b3 Qc5 20. Rf1
Nb4 21. f4 d3+ 22. Kh1 Nxc2 23. Rab1 exf4 24. Rxf4 cxb3 25. Rf8 Rgxf8 26.
gxf8=Q Rxf8 27. Bxf8 Qxf8 28. Qxd3 bxa2 29. Qxc2 axb1=Q+ 30. Qxb1 b5 31. h4 c5
32. h5 Qh6 33. g4 Qg5 34. Qg6 Qh4+ 35. Kg2 Qe1 36. h6 Qd2+ 37. Kg3 Qe3+ 38. Kh4
Qe7+ 39. Kh5 Qe5+ 40. Qg5 Qh2+ 41. Kg6 Qd6+ 42. Qf6 Qd3+ 43. Kg7 Qd7+ 44. Kg8
Qd5+ 45. Qf7 Qg5+ 46. Qg7 Qd5+ 47. Kh8 c4 48. Qf8+ Kb7 49. Qe7+ Kb6 50. Kg7
Qd4+ 51. Qf6+ Qxf6+ 52. Kxf6 c3 53. h7 c2 54. h8=Q c1=Q 55. Qb8+ Ka5 56. Qd8+
Ka4 57. Qd4+ Qc4 58. Qd1+ Qb3 59. Qd4+ Qc4 60. Qd1+ Kb4 61. Qb1+ Kc5 62. Qf5+
Qd5 63. Qxd5+ Kxd5 64. g5 Kc5 65. g6 b4 66. g7 b3 67. g8=Q b2 68. Qb3 b1=Q 69.
Qxb1 Kd4 70. Qb6+ Kd5 71. Qxa6 Kd4 72. Qa5 Kc4 73. Ke6 Kd4 74. Qb5 1-0

[Event "DEM U10/U10w 2013"]
[Site "Oberhof GER"]
[Date "2013.05.24"]
[Round "9"]
[White "Truong, Lisa"]
[Black "Hinrichs, Paul"]
[Result "1/2-1/2"]
[Termination "normal"]
[Board "34"]
[WhiteElo "793"]
[BlackElo "1177"]
[PlyCount "85"]
[WhiteFideId "12983462"]
[BlackFideId "12942545"]
[EventCountry "GER"]
[EventRounds "11"]
[EventType "swiss"]
[EventDate "2013.05.18"]

1. e4 d6 2. d4 g6 3. Nc3 Bg7 4. Nf3 Nf6 5. Bc4 O-O 6. O-O Bg4 7. h3 Bxf3 8.
Qxf3 Nbd7 9. Be3 e5 10. d5 Nb6 11. Bb3 Nfd7 12. Rad1 f5 13. Rfe1 fxe4 14. Qxe4
Nf6 15. Qd3 Kh8 16. Ne4 Nxe4 17. Qxe4 Qf6 18. Rf1 Qf5 19. Qxf5 Rxf5 20. c3 Raf8
21. Bc2 R5f7 22. b3 Nd7 23. Bb1 b6 24. c4 a5 25. a4 Nb8 26. Bd2 Na6 27. Bc2 Rf6
28. Rde1 h6 29. Re3 Kh7 30. Re2 h5 31. Bg5 R6f7 32. g3 Bh6 33. Bxh6 Kxh6 34.
Rfe1 Nb4 35. Kg2 Rf3 36. Rb1 Na2 37. Rb2 Nb4 38. Be4 R3f6 39. h4 Na6 40. Re3
Nc5 41. Bb1 Re8 42. f3 Ref8 43. Rf2 1/2-1/2

[Event "DEM U10/U10w 2013"]
[Site "Oberhof GER"]
[Date "2013.05.24"]
[Round "9"]
[White "Guckes, Simon"]
[Black "Brunkardt, Elena"]
[Result "1-0"]
[Termination "normal"]
[Board "35"]
[WhiteElo "1122"]
[BlackElo "1010"]
[PlyCount "129"]
[WhiteFideId "12944955"]
[BlackFideId "16208838"]
[EventCountry "GER"]
[EventRounds "11"]
[EventType "swiss"]
[EventDate "2013.05.18"]

1. Nf3 d5 2. d3 Nf6 3. g3 c6 4. Bg2 Bf5 5. Nbd2 Nbd7 6. O-O e5 7. Re1 e4 8.
dxe4 dxe4 9. Ng5 Nc5 10. c3 Ng4 11. h3 Qxg5 12. hxg4 Bxg4 13. Nxe4 Qd8 14. Nxc5
Qxd1 15. Rxd1 Bxc5 16. Bf4 O-O 17. Re1 Rae8 18. Kf1 Re6 19. f3 Bh5 20. Bh3 Rf6
21. Be5 Rg6 22. g4 Rg5 23. Bf4 Rg6 24. e3 Re8 25. gxh5 Rf6 26. Rad1 g6 27. h6
g5 28. Bxg5 Rxf3+ 29. Kg2 Rxh3 30. Kxh3 b5 31. Rg1 Kf8 32. Rg3 a5 33. Rdg1 f5
34. Bf6 Kf7 35. Bd4 Bd6 36. Rg7+ Ke6 37. Rxh7 c5 38. Rg6+ Kd5 39. Rd7 Re6 40.
Rxe6 Kxe6 41. Ra7 cxd4 42. cxd4 a4 43. h7 Bb8 44. h8=Q Bxa7 45. Qe5+ Kd7 46.
Qg7+ Kc6 47. Qxa7 Kd6 48. Qb6+ Kd5 49. Qxb5+ Ke4 50. d5 Kxe3 51. d6 f4 52. d7
f3 53. Qf5 Ke2 54. Qxf3+ Kxf3 55. d8=Q a3 56. Qd3+ Kf4 57. bxa3 Ke5 58. Qc4 Kf6
59. Qd5 Kg7 60. Qe6 Kh8 61. Qe7 Kg8 62. Kg4 Kh8 63. Kg5 Kg8 64. Kg6 Kh8 65.
Qf8# 1-0

[Event "DEM U10/U10w 2013"]
[Site "Oberhof GER"]
[Date "2013.05.24"]
[Round "9"]
[White "Schilay, Maria"]
[Black "Kurzweil, Naemi"]
[Result "1-0"]
[Termination "normal"]
[Board "38"]
[WhiteElo "1048"]
[BlackElo "980"]
[PlyCount "53"]
[WhiteFideId "12942979"]
[BlackFideId "12985708"]
[EventCountry "GER"]
[EventRounds "11"]
[EventType "swiss"]
[EventDate "2013.05.18"]

1. e4 e5 2. Nf3 Nc6 3. Bc4 Nf6 4. d3 Bc5 5. c3 d6 6. Bb3 Bg4 7. Nbd2 Qd7 8. O-O
O-O 9. h3 Bxh3 10. gxh3 Qxh3 11. Ng5 Qg3+ 12. Kh1 Qxg5 13. Nf3 Qh5+ 14. Kg1
Qg4+ 15. Kh1 Qh3+ 16. Nh2 Nh5 17. Qg4 Qxd3 18. Qxh5 Qxe4+ 19. f3 Qe2 20. Bg5
Nd8 21. Ng4 Ne6 22. Nf6+ gxf6 23. Bxf6 Nf4 24. Qg5+ Ng6 25. Qh6 Qxf3+ 26. Rxf3
Rfe8 27. Qg7# 1-0

[Event "DEM U10/U10w 2013"]
[Site "Oberhof GER"]
[Date "2013.05.24"]
[Round "9"]
[White "Ewerhardy, Moritz"]
[Black "Indilewitsch, Marie-Claire"]
[Result "1-0"]
[Termination "normal"]
[Board "39"]
[WhiteElo "1019"]
[BlackElo "963"]
[PlyCount "155"]
[WhiteFideId "36052086"]
[EventCountry "GER"]
[EventRounds "11"]
[EventType "swiss"]
[EventDate "2013.05.18"]

1. e4 e5 2. Nf3 Nc6 3. Bc4 Nf6 4. Ng5 d5 5. exd5 b5 6. Bb3 Nd4 7. d3 Nxb3 8.
axb3 Qxd5 9. Qf3 Qxf3 10. Nxf3 Bc5 11. Be3 Bxe3 12. fxe3 Nd7 13. O-O O-O 14.
Nbd2 f6 15. Ra5 c6 16. c4 b4 17. Re1 Bb7 18. d4 Rfe8 19. Ra4 e4 20. Nh4 c5 21.
Nf5 Re6 22. Ng3 g5 23. Rf1 a6 24. d5 Re5 25. Ndxe4 Rf8 26. Re1 f5 27. Nxg5 f4
28. Ne6 Rf6 29. Nf1 h5 30. Raa1 f3 31. gxf3 Rxf3 32. Rad1 Rf6 33. Re2 h4 34. h3
a5 35. Rg2+ Kf7 36. Rg7+ Ke8 37. Rg8+ Nf8 38. Nxc5 Bc8 39. Kh2 Rf2+ 40. Kh1
Ref5 41. Nd2 Rf7 42. e4 Bxh3 43. e5 Re2 44. e6 Bg2+ 45. Rxg2 Rxg2 46. Kxg2 Rg7+
47. Kh3 Nh7 48. Kxh4 Nf6 49. d6 Rg4+ 50. Kh3 Rd4 51. d7+ Ke7 52. Nb7 Rd3+ 53.
Kg2 Rd4 54. d8=Q+ Rxd8 55. Nxd8 Kxd8 56. Re1 Nh5 57. Kh2 a4 58. bxa4 b3 59.
Nxb3 Nf4 60. Rd1+ Ke7 61. a5 Nxe6 62. c5 Nc7 63. Na1 Kf6 64. b4 Ke5 65. Rb1 Kd5
66. b5 Kxc5 67. b6 Na6 68. b7 Kc6 69. b8=Q Nxb8 70. Rxb8 Kc7 71. Rb1 Kd6 72. a6
Ke5 73. a7 Kf4 74. a8=Q Kg5 75. Rf1 Kg4 76. Kg2 Kh4 77. Qg8 Kh5 78. Rh1# 1-0

[Event "DEM U10/U10w 2013"]
[Site "Oberhof GER"]
[Date "2013.05.24"]
[Round "9"]
[White "Müller, Marvin"]
[Black "Wurst, Benedikt"]
[Result "0-1"]
[Termination "normal"]
[Board "40"]
[WhiteElo "774"]
[BlackElo "1139"]
[PlyCount "106"]
[WhiteFideId "16214528"]
[BlackFideId "12991791"]
[EventCountry "GER"]
[EventRounds "11"]
[EventType "swiss"]
[EventDate "2013.05.18"]

1. e4 e5 2. Nf3 Nc6 3. Bc4 Bc5 4. c3 Nf6 5. d4 exd4 6. e5 d5 7. Bb5 Nd7 8. cxd4
Bb4+ 9. Nc3 Ne7 10. O-O c6 11. Bd3 O-O 12. a3 Ba5 13. Ne2 g6 14. Nf4 Re8 15.
Bd2 Bb6 16. e6 Nf8 17. exf7+ Kxf7 18. Ng5+ Kg7 19. Re1 Bxd4 20. Nfe6+ Nxe6 21.
Rxe6 h6 22. Nf7 Kxf7 23. Re2 Bg4 24. Rxe7+ Qxe7 25. Qxg4 Qf6 26. Qg3 Re7 27. h3
Bxb2 28. Ra2 Be5 29. Qf3 Qxf3 30. gxf3 g5 31. Rc2 Rc8 32. Kg2 b6 33. Rc1 c5 34.
Bf5 Rcc7 35. h4 Kf6 36. Bd3 Bf4 37. Bxf4 gxf4 38. Kh3 h5 39. Rg1 Rg7 40. Re1
Rce7 41. Rf1 c4 42. Bc2 b5 43. Rb1 a6 44. Rd1 Re2 45. Bb1 Ke5 46. Rf1 d4 47.
Kh2 d3 48. Kh1 d2 49. Rd1 Re1+ 50. Rxe1+ dxe1=Q+ 51. Kh2 Qxb1 52. a4 b4 53. a5
c3 0-1

[Event "DEM U10/U10w 2013"]
[Site "Oberhof GER"]
[Date "2013.05.24"]
[Round "9"]
[White "Pantsernaya, Sofya"]
[Black "Gazizov, Max"]
[Result "0-1"]
[Termination "normal"]
[Board "41"]
[WhiteElo "1253"]
[BlackElo "1042"]
[PlyCount "60"]
[WhiteFideId "12993182"]
[BlackFideId "12951323"]
[EventCountry "GER"]
[EventRounds "11"]
[EventType "swiss"]
[EventDate "2013.05.18"]

1. e4 c5 2. Nf3 e6 3. Bc4 d6 4. O-O Nf6 5. Re1 Be7 6. c3 a6 7. a3 b5 8. Ba2 Bb7
9. e5 dxe5 10. Nxe5 O-O 11. d3 Nc6 12. Nf3 Qc7 13. Nbd2 Rfd8 14. Nf1 Rd7 15.
Ng3 Rad8 16. Bb1 Bd6 17. Bg5 Be7 18. Qe2 h6 19. Bc1 Bd6 20. Rd1 Bxg3 21. hxg3
e5 22. Be3 e4 23. Nh2 exd3 24. Rxd3 Rxd3 25. Bxd3 c4 26. Bf4 Qe7 27. Qxe7 Nxe7
28. Bc2 Ng6 29. Bxg6 fxg6 30. Re1 Rd7 0-1

[Event "DEM U10/U10w 2013"]
[Site "Oberhof GER"]
[Date "2013.05.24"]
[Round "9"]
[White "Schmidtmann, Kimberly"]
[Black "Wachinger, Nikolas"]
[Result "1-0"]
[Termination "normal"]
[Board "42"]
[WhiteElo "950"]
[BlackElo "1007"]
[PlyCount "67"]
[WhiteFideId "12967106"]
[BlackFideId "12962791"]
[EventCountry "GER"]
[EventRounds "11"]
[EventType "swiss"]
[EventDate "2013.05.18"]

1. e4 c5 2. c3 Nc6 3. d4 cxd4 4. cxd4 d5 5. exd5 Qxd5 6. Nf3 Bf5 7. Nc3 Qd7 8.
Be3 e6 9. a3 O-O-O 10. Be2 Nf6 11. O-O Bd6 12. Qd2 Rhe8 13. h3 e5 14. dxe5 Bxe5
15. Qxd7+ Rxd7 16. Rac1 Kb8 17. g4 Bg6 18. Bb5 Rc7 19. Nxe5 Rxe5 20. Bf4 a6 21.
Bxc6 Rxc6 22. Bxe5+ Ka7 23. Rcd1 Bc2 24. Rd8 Bb3 25. a4 b5 26. a5 b4 27. Na4
Bxa4 28. Re1 Kb7 29. Bxf6 gxf6 30. Re7+ Rc7 31. Rxc7+ Kxc7 32. Rd4 Bb3 33. Rxb4
Be6 34. Rf4 1-0

[Event "DEM U10/U10w 2013"]
[Site "Oberhof GER"]
[Date "2013.05.24"]
[Round "9"]
[White "Huppert, Anna"]
[Black "Klemke, Kassandra"]
[Result "0-1"]
[Termination "normal"]
[Board "44"]
[WhiteElo "793"]
[BlackElo "1163"]
[PlyCount "60"]
[WhiteFideId "16214439"]
[BlackFideId "16217128"]
[EventCountry "GER"]
[EventRounds "11"]
[EventType "swiss"]
[EventDate "2013.05.18"]

1. e4 e6 2. d4 d5 3. e5 c5 4. c3 Nc6 5. Nf3 Qb6 6. Bd3 Bd7 7. O-O cxd4 8. cxd4
Nxd4 9. Nbd2 Nxf3+ 10. Nxf3 Ne7 11. Be3 Qxb2 12. Rb1 Qxa2 13. Qc1 Rc8 14. Qe1
Ng6 15. Ra1 Qb3 16. Qe2 a6 17. Ng5 Nxe5 18. Rab1 Qa3 19. Bb6 Nxd3 20. Qf3 Ne5
21. Qf4 f6 22. Nh3 Bd6 23. Rfc1 O-O 24. Bd4 Nd3 25. Qd2 Nxc1 26. Rxb7 Ne2+ 27.
Qxe2 Rc1+ 28. Qf1 Rxf1+ 29. Kxf1 Bb5+ 30. Ke1 Qc1# 0-1

[Event "DEM U10/U10w 2013"]
[Site "Oberhof GER"]
[Date "2013.05.24"]
[Round "9"]
[White "Jaenecke, Maike"]
[Black "Straßburg, Robin"]
[Result "1/2-1/2"]
[Termination "normal"]
[Board "45"]
[WhiteElo "968"]
[BlackElo "911"]
[PlyCount "79"]
[BlackFideId "16210018"]
[EventCountry "GER"]
[EventRounds "11"]
[EventType "swiss"]
[EventDate "2013.05.18"]

1. e4 e5 2. Nf3 Nc6 3. Bc4 Nf6 4. d3 Bc5 5. c3 d6 6. h3 h6 7. O-O O-O 8. Nbd2
Bd7 9. Re1 Re8 10. Nf1 Qe7 11. Ng3 Rad8 12. Bd2 Be6 13. Bb3 Qd7 14. Qc1 Bxh3
15. Kf1 Bg4 16. Bd1 Kf8 17. Be2 Qe6 18. Qd1 a6 19. Kg1 d5 20. exd5 Rxd5 21. c4
Rdd8 22. a3 Kg8 23. b4 Be7 24. b5 axb5 25. cxb5 Nd4 26. Nxd4 Rxd4 27. Bxg4 Nxg4
28. Bc3 Rdd8 29. f3 Qb6+ 30. Kf1 Ne3+ 31. Rxe3 Qxe3 32. Nf5 Qxd3+ 33. Qxd3 Rxd3
34. Bxe5 Bxa3 35. Rxa3 Rxa3 36. Bxc7 Rc8 37. Ne7+ Kf8 38. Nxc8 Ra1+ 39. Kf2 Rc1
40. b6 1/2-1/2

[Event "DEM U10/U10w 2013"]
[Site "Oberhof GER"]
[Date "2013.05.24"]
[Round "9"]
[White "Svane, Freja"]
[Black "Rizo Wellmann, Darja"]
[Result "0-1"]
[Termination "normal"]
[Board "46"]
[WhiteElo "867"]
[BlackElo "956"]
[PlyCount "172"]
[WhiteFideId "12940100"]
[BlackFideId "16218361"]
[EventCountry "GER"]
[EventRounds "11"]
[EventType "swiss"]
[EventDate "2013.05.18"]

1. e4 e5 2. Nf3 Nc6 3. Bb5 Bc5 4. Nxe5 Qh4 5. O-O Nf6 6. Nc3 O-O 7. Bxc6 bxc6
8. d3 Qh5 9. Qxh5 Nxh5 10. b3 Bd4 11. Ba3 Bxc3 12. Bxf8 Bxa1 13. Nc4 Kxf8 14.
Rxa1 Ba6 15. Ne5 Ke7 16. c4 Ke6 17. d4 d6 18. Nxc6 Bb7 19. d5+ Kd7 20. Nd4 c5
21. Nf3 Nf6 22. Ng5 h6 23. Nf3 Nxe4 24. Re1 Re8 25. Nh4 Nc3 26. Rxe8 Kxe8 27.
a3 Nb1 28. Nf5 Kd7 29. Nxg7 Nxa3 30. Nf5 h5 31. Ng7 Nc2 32. Kf1 Nd4 33. b4 cxb4
34. Ke1 b3 35. Kd2 b2 36. Kc3 b1=Q 37. Kxd4 Qg6 38. Nxh5 Qxh5 39. h3 Qd1+ 40.
Ke4 Qg1 41. Kf3 Qe1 42. g4 Qe5 43. h4 Bxd5+ 44. cxd5 Qxd5+ 45. Kf4 Ke6 46. h5
Qe5+ 47. Kf3 Qh8 48. Kf4 Kf6 49. g5+ Kg7 50. h6+ Kg6 51. Kg4 f6 52. f4 d5 53.
f5+ Kf7 54. g6+ Kf8 55. g7+ Qxg7+ 56. hxg7+ Kxg7 57. Kf4 a5 58. Ke3 a4 59. Kd4
Kf7 60. Kc3 Ke7 61. Kb4 Kd6 62. Kxa4 Ke5 63. Kb3 Kxf5 64. Kc3 Ke4 65. Kd2 Kd4
66. Kd1 Kd3 67. Ke1 Kc2 68. Ke2 d4 69. Kf3 d3 70. Kf4 d2 71. Kf5 d1=Q 72. Kxf6
Qe2 73. Kf5 Kd3 74. Kf6 Kd4 75. Kf7 Kd5 76. Kf8 Kd6 77. Kf7 Qe1 78. Kf8 Kd7 79.
Kf7 Qf2+ 80. Kg6 Ke7 81. Kg5 Ke6 82. Kg4 Ke5 83. Kg5 Qg2+ 84. Kh6 Kf5 85. Kh7
Kf6 86. Kh8 Qg7# 0-1

[Event "DEM U10/U10w 2013"]
[Site "Oberhof GER"]
[Date "2013.05.24"]
[Round "9"]
[White "Gabriel, Benjamin"]
[Black "Zell, Hannah"]
[Result "1-0"]
[Termination "normal"]
[Board "47"]
[WhiteElo "920"]
[BlackElo "723"]
[PlyCount "111"]
[WhiteFideId "16226887"]
[BlackFideId "16208900"]
[EventCountry "GER"]
[EventRounds "11"]
[EventType "swiss"]
[EventDate "2013.05.18"]

1. d4 d5 2. Nc3 e6 3. Bf4 Nf6 4. Nf3 Bb4 5. e3 O-O 6. Bd3 c5 7. dxc5 Bxc5 8.
O-O Nc6 9. a3 h6 10. b4 Bb6 11. Ne2 a5 12. b5 Na7 13. a4 Bc5 14. c4 b6 15. cxd5
exd5 16. Be5 Qe7 17. Bc2 Bd6 18. Bxf6 Qxf6 19. Qxd5 Be6 20. Qxd6 Rab8 21. Qd3
Bf5 22. Qxf5 Qxf5 23. Bxf5 Rbd8 24. Rad1 Rb8 25. Ne5 Rbe8 26. Nd7 Kh8 27. Nxf8
Rxf8 28. g3 Nc8 29. Rd2 Ne7 30. Bb1 Nc8 31. Rfd1 g6 32. Rd8 Rxd8 33. Rxd8+ Kg7
34. Rxc8 Kf6 35. Nf4 g5 36. Nh5+ Ke5 37. Rc4 Kd5 38. Ba2 f5 39. Ng7 h5 40. Nxh5
Ke5 41. Rc6 f4 42. gxf4+ gxf4 43. Nxf4 Kf5 44. Rxb6 Kg4 45. Ra6 Kf3 46. b6 Kg4
47. b7 Kf3 48. b8=Q Ke4 49. Nd5 Kd3 50. Qf4 Kd2 51. Rb6 Ke1 52. Rb2 Kd1 53. Kf1
Kc1 54. Re2 Kd1 55. Qd4+ Kc1 56. Qd2# 1-0